000 00429nam a2200181Ia 4500
003 0STCL
008 150530s9999 xx 000 0 und d
040 _aSTCL
_cSTCL
100 _aLipschutz Seymour
245 _aSet Theory and Related Topics
250 _a2
260 _bTata Macgraw-Hill;New Delhi
_c2005
_aNew Delhi
300 _a0
546 _aEnglish
942 _2ddc
_cBK
999 _c21431
_d21431
005 20220125165921.0